00432nam a22001697a 450000500170000001000150001702000250003203500140005703700090007108200150008010000140009524500570010925000060016626000450017227000250021730000200024220250602155032.0 aENG-145108 a9789352101160c70.00 aEN-128640 bDBAD a181.49921 aAurobindo aSir Aurobindo and The Mother on EducationcAurobindo a6 aPondicherrybSri Aurobindo Ashram c2016 aPondicherry e605002 a186p. c18(pb)